Creative fidelity (Record no. 40860)
[ view plain ]
| 000 -LEADER | |
|---|---|
| fixed length control field | 00445nam a2200193Ia 4500 |
| 003 - CONTROL NUMBER IDENTIFIER | |
| control field | 0100 |
| 008 - FIXED-LENGTH DATA ELEMENTS--GENERAL INFORMATION | |
| fixed length control field | 130303s9999 xx 000 0 und d |
| 040 ## - CATALOGING SOURCE | |
| Transcribing agency | ARRUPELIB |
| 050 ## - LIBRARY OF CONGRESS CALL NUMBER | |
| Classification number | B2430.M253D813 1964 |
| 300 ## - PHYSICAL DESCRIPTION | |
| Other physical details | 23cm |
| 100 ## - MAIN ENTRY--PERSONAL NAME | |
| Personal name | Marcel, Gabriel |
| 245 ## - TITLE STATEMENT | |
| Title | Creative fidelity |
| 260 ## - PUBLICATION, DISTRIBUTION, ETC. (IMPRINT) | |
| Place of publication, distribution, etc | New York |
| 260 ## - PUBLICATION, DISTRIBUTION, ETC. (IMPRINT) | |
| Name of publisher, distributor, etc | Farrar, Straus and Company |
| 260 ## - PUBLICATION, DISTRIBUTION, ETC. (IMPRINT) | |
| -- | 1964 |
| 300 ## - PHYSICAL DESCRIPTION | |
| Extent | 261p. |
| 650 ## - SUBJECT ADDED ENTRY--TOPICAL TERM | |
| Topical term following geographic name as entry element | christinity-addresses |
| 942 00 - ADDED ENTRY ELEMENTS (KOHA) | |
| Koha issues (borrowed), all copies | 1 |
| Withdrawn status | Lost status | Source of classification or shelving scheme | Damaged status | Not for loan | Collection code | Home library | Current library | Shelving location | Date acquired | Total Checkouts | Full call number | Barcode | Date last seen | Date checked out | Copy number | Price effective from | Koha item type |
|---|---|---|---|---|---|---|---|---|---|---|---|---|---|---|---|---|---|
| Library of Congress Classification | Main Collection | ARRUPE LIBRARY | ARRUPE LIBRARY | Main Collection | 04/03/2013 | 13 | B2430.M253D813 1964 | 46003075949 | 29/03/2019 | 18/03/2019 | 1 | 04/03/2013 | Monograph ( Printed materials) | ||||
| Library of Congress Classification | Main Collection | ARRUPE LIBRARY | ARRUPE LIBRARY | Main Collection | 04/03/2013 | 1 | B2430.M253D813 1964 | 46003011131 | 14/01/2016 | 11/01/2016 | 2 | 04/03/2013 | Monograph ( Printed materials) | ||||
| Library of Congress Classification | Main Collection | ARRUPE LIBRARY | ARRUPE LIBRARY | 04/03/2013 | B2430.M253D813 1964 | 46003011130 | 04/03/2013 | 3 | 04/03/2013 | Monograph ( Printed materials) | |||||||
| Library of Congress Classification | Main Collection | ARRUPE LIBRARY | ARRUPE LIBRARY | 04/03/2013 | 11 | B2430.M253D813 1982 | 46003035511 | 18/05/2018 | 22/01/2018 | 5 | 04/03/2013 | Monograph ( Printed materials) |